Leadership and the one minute manager : (Record no. 2516)
[ view plain ]
| 000 -LEADER | |
|---|---|
| fixed length control field | 00783nac a22002051u 4500 |
| 020 ## - INTERNATIONAL STANDARD BOOK NUMBER | |
| International Standard Book Number | 0688039693 : |
| 082 04 - DEWEY DECIMAL CLASSIFICATION NUMBER | |
| Classification number | 658.4092 |
| Item number | B6392 |
| 090 ## - LOCALLY ASSIGNED LC-TYPE CALL NUMBER (OCLC); LOCAL CALL NUMBER (OCLC) | |
| -- | 2516 |
| -- | 2516 |
| 100 ## - MAIN ENTRY--PERSONAL NAME | |
| Personal name | Blanchard, Kenneth H. |
| 245 10 - TITLE STATEMENT | |
| Title | Leadership and the one minute manager : |
| Remainder of title | increasing effectiveness through situational leadership / |
| Statement of responsibility, etc | Kenneth Blanchard, Patricia Zigarmi, Drea Zigarmi. |
| 260 ## - PUBLICATION, DISTRIBUTION, ETC. (IMPRINT) | |
| Place of publication, distribution, etc | New York : |
| Name of publisher, distributor, etc | Morrow, |
| Date of publication, distribution, etc | 1985. |
| 300 ## - PHYSICAL DESCRIPTION | |
| Extent | 111 p. : |
| Other physical details | ill. ; |
| Dimensions | 22 cm. |
| 500 ## - GENERAL NOTE | |
| General note | Shuaa. |
| 650 #0 - SUBJECT ADDED ENTRY--TOPICAL TERM | |
| Topical term or geographic name as entry element | Leadership. |
| 650 #0 - SUBJECT ADDED ENTRY--TOPICAL TERM | |
| Topical term or geographic name as entry element | Management. |
| 700 1# - ADDED ENTRY--PERSONAL NAME | |
| Personal name | Zigarmi, Patricia. |
| 700 1# - ADDED ENTRY--PERSONAL NAME | |
| Personal name | Zigarmi, Drea. |
| 942 ## - ADDED ENTRY ELEMENTS (KOHA) | |
| Item type | Book - Borrowing |
| Call number prefix | 658.4092 B6392 |
| Withdrawn status | Item status | Damaged status | Not for loan | Home library | Current library | Shelving location | Date acquired | Source of acquisition | Total Checkouts | Total Renewals | Full call number | Barcode | Date last seen | Date last borrowed | Koha item type |
|---|---|---|---|---|---|---|---|---|---|---|---|---|---|---|---|
| Central Library | Central Library | First floor | 22/02/2007 | Purchase | 13 | 4 | 658.4092 BLA | 000001728 | 15/07/2025 | 06/12/2022 | Book - Borrowing |